Alvie eats soup / by Ross Collins.
Available copies
- 1 of 1 copy available at LARL/NWRL Consortium.
Current holds
0 current holds with 1 total copy.
Show Only Available Copies
| Location | Call Number / Copy Notes | Barcode | Shelving Location | Status | Due Date |
|---|---|---|---|---|---|
| Godel Memorial-Warren Library | e COL (Text) | 35500003804471 | Main | Available | - |
Record details
- ISBN: 0439272602
- ISBN: 0439272653 (alk. paper)
- Physical Description: 1 v. (unpaged) : col. ill. ; 29 cm.
- Publisher: New York : Arthur A. Levine Books, 2002.
Content descriptions
| Summary, etc.: | Alvie will eat only soup, and his parents are ... Read More |
Search for related items by subject
| Subject: | Discovery Club rotation. Games, level 1 : Discovery Club rotation. Food habits > Fiction. Soups > Fiction. Grandmothers > Fiction. |
| LDR | 01126cam a2200313 a 4500 | ||
|---|---|---|---|
| 001 | 48502 | ||
| 003 | LARL_NWRL_CONSORTIUM | ||
| 005 | 20030318115704.0 | ||
| 008 | 010523s2002 nyua b 000 1 eng | ||
| 020 | . | ‡a0439272602 | |
| 020 | . | ‡a0439272653 (alk. paper) | |
| 035 | . | ‡a(OCoLC)47099211 | |
| 035 | 0 | 0. | ‡ilcmarc/AZU-1173/LARLTECH |
| 040 | . | ‡aDLC ‡cDLC ‡dDLC | |
| 082 | 0 | 0. | ‡a[E] ‡221 |
| 099 | . | ‡aC | |
| 100 | 1 | . | ‡aCollins, Ross. ‡0(LARL_NWRL_CONSORTIUM)123480 |
| 245 | 1 | 0. | ‡aAlvie eats soup / ‡cby Ross Collins. |
| 260 | . | ‡aNew York : ‡bArthur A. Levine Books, ‡c2002. | |
| 300 | . | ‡a1 v. (unpaged) : ‡bcol. ill. ; ‡c29 cm. | |
| 520 | . | ‡aAlvie will eat only soup, and his parents are worried that his Granny Fanny, a famous chef, will find out. | |
| 599 | . | ‡aLALA: BC BG | |
| 650 | 0. | ‡aDiscovery Club rotation. | |
| 650 | 0. | ‡aGames, level 1 : Discovery Club rotation. | |
| 650 | 1. | ‡aFood habits ‡vFiction. ‡0(LARL_NWRL_CONSORTIUM)165023 | |
| 650 | 1. | ‡aSoups ‡vFiction. | |
| 650 | 1. | ‡aGrandmothers ‡vFiction. ‡0(LARL_NWRL_CONSORTIUM)165417 | |
| 901 | . | ‡a48502 ‡bOCLC ‡c48502 ‡tbiblio | |

Add to basket
Permalink
Disable Highlighting